|
|
|
|
| LEADER |
00837nab#a2200301#ar4500 |
| 001 |
000003049 |
| 003 |
SVKKK |
| 005 |
20030626082944.0 |
| 008 |
030626c1994 e sloo |
| FMT |
|
|
|
| 038 |
|
|
|a SVKKK
|
| 040 |
|
|
|a SVKKK
|b slo
|e AACR2
|
| 041 |
0 |
|
|a slo
|
| 080 |
|
|
|a 341.23
|2 1981
|
| 100 |
1 |
|
|a Gallo, Igor
|4 aut
|
| 245 |
1 |
0 |
|a "Sme viac ako susedia" :
|b Prvý námestník ministra zahraničných vecí ČR Alexander Vondra pre Košický večer
|c Gallo Igor,
|
| 260 |
|
|
|c 1994
|
| 650 |
0 |
4 |
|a otvorenie
|
| 650 |
0 |
4 |
|a politika zahraničná
|z Konzulát Českej republiky, Košice
|
| 650 |
0 |
4 |
|a rozhovory
|
| 650 |
0 |
4 |
|a vzťahy česko-slovenské
|
| 773 |
0 |
|
|t Košický večer
|g Roč. 5, č. 188(1994), dát. 0930, s. 3
|
| 957 |
|
|
|a Košice
|
| 974 |
|
|
|a Cr
|
| 992 |
|
|
|a RBX
|
| BAS |
|
|
|
| 852 |
|
|
|a SVKKK
|b BIB
|
| 998 |
|
|
|a REG
|